Statistics for Советские мультфильмы по картинкам 2.0

Click here to take the quiz!

General Stats

  • This quiz has been taken 131 times
  • The average score is 7 of 16

Answer Stats

Answer% Correct
Малыш и Карлсон
98%
Винни Пух
95%
Возвращение блудного попугая
90%
Летучий корабль
67%
Дядя Стёпа — милиционер
51%
38 попугаев
51%
Каникулы Бонифация
43%
Золотая антилопа
43%
Жил-был пёс
38%
Падал прошлогодний снег
32%
Пластилиновая ворона
30%
Шайбу! Шайбу!
23%
Лошарик
14%
Мартынко
5%
Шкатулка с секретом
2%
Медвежуть
1%

Score Distribution

Percentile by Number Answered

Percent of People with Each Score

Your Score History

You have not taken this quiz